| 000 | 00482nam a22001577a 4500 | ||
|---|---|---|---|
| 008 | 230329b |||||||| |||| 00| 0 eng d | ||
| 040 |
_aNational Science Library _cNational Science Library |
||
| 080 |
_aD 681.324ASP _bP0 |
||
| 100 |
_aMitchell, Scott _95658 |
||
| 245 | _aActive server pagaes 3.0 in 21days | ||
| 260 |
_aNew Delhi: _bTechmedia, _c2000 |
||
| 300 | _axiii, 782p. | ||
| 650 | _aActive server pages | ||
| 653 | _aVBScript control structures | ||
| 942 |
_2udc _cBK |
||
| 999 |
_c16201 _d16201 |
||